000 00302nam a2200133Ia 4500
008 220204s9999 xx 000 0 und d
082 _a576.3
_bVER
100 _aAGARWAL, V K
245 0 _aCytology
260 _aRam Nagar
_bS Chand
_c1978
650 _aCytology
700 _aVERMA, P S
942 _cBK
999 _c27553
_d27553